<?xml version="1.0" encoding="UTF-8"?>
<record
    xmlns:xsi="http://www.w3.org/2001/XMLSchema-instance"
    xsi:schemaLocation="http://www.loc.gov/MARC21/slim http://www.loc.gov/standards/marcxml/schema/MARC21slim.xsd"
    xmlns="http://www.loc.gov/MARC21/slim">

  <leader>00959nam a22001937a 4500</leader>
  <controlfield tag="005">20150124125947.0</controlfield>
  <controlfield tag="008">140124t        mx||||| |||| 00| 0 spa d</controlfield>
  <datafield tag="020" ind1=" " ind2=" ">
    <subfield code="a">9707034653</subfield>
  </datafield>
  <datafield tag="050" ind1="0" ind2="4">
    <subfield code="a">LE7 .M77</subfield>
    <subfield code="b">M37 2006</subfield>
  </datafield>
  <datafield tag="100" ind1="1" ind2=" ">
    <subfield code="a">Mart&#xED;nez Alcantar, Alma Lorena</subfield>
  </datafield>
  <datafield tag="245" ind1="1" ind2="0">
    <subfield code="a">Breve historia de las instituciones de educaci&#xF3;n superior en Michoac&#xE1;n :</subfield>
    <subfield code="b">desde sus or&#xED;genes hasta 1950 /</subfield>
    <subfield code="c">Alma Lorena Mart&#xED;nez Alcantar, Ram&#xF3;n Alonso P&#xE9;rez Escutia coaut.</subfield>
  </datafield>
  <datafield tag="250" ind1=" " ind2=" ">
    <subfield code="a">1a edici&#xF3;n</subfield>
  </datafield>
  <datafield tag="260" ind1=" " ind2=" ">
    <subfield code="a">Morelia, Michoac&#xE1;n de Ocampo, M&#xE9;xico :</subfield>
    <subfield code="b">Centro de Estudios Superiores del Oriente de Michoac&#xE1;n, UMSNH, Instituto Michoacano de Ciencias de la Educaci&#xF3;n "Jos&#xE9; Mar&#xED;a Morelos", Morevallado,  </subfield>
    <subfield code="c">2006</subfield>
  </datafield>
  <datafield tag="300" ind1=" " ind2=" ">
    <subfield code="a">159 p. ;</subfield>
    <subfield code="c">23 cm.</subfield>
  </datafield>
  <datafield tag="504" ind1=" " ind2=" ">
    <subfield code="a">Bibliograf&#xED;a p. 145- 159</subfield>
  </datafield>
  <datafield tag="610" ind1=" " ind2="7">
    <subfield code="2">LEMB</subfield>
    <subfield code="a">Universidad Michoacana de San Nicol&#xE1;s de Hidalgo</subfield>
    <subfield code="x">Histoira</subfield>
    <subfield code="z">Morelia, Michoac&#xE1;n de Ocampo, M&#xE9;xico</subfield>
  </datafield>
  <datafield tag="650" ind1=" " ind2="7">
    <subfield code="2">LEMB</subfield>
    <subfield code="a">Educaci&#xF3;n superior</subfield>
    <subfield code="x">Historia</subfield>
  </datafield>
  <datafield tag="942" ind1=" " ind2=" ">
    <subfield code="2">lcc</subfield>
    <subfield code="c">LIB</subfield>
  </datafield>
  <datafield tag="999" ind1=" " ind2=" ">
    <subfield code="c">47938</subfield>
    <subfield code="d">47938</subfield>
  </datafield>
  <datafield tag="952" ind1=" " ind2=" ">
    <subfield code="1">0</subfield>
    <subfield code="2">lcc</subfield>
    <subfield code="4">0</subfield>
    <subfield code="7">0</subfield>
    <subfield code="a">INV-033</subfield>
    <subfield code="b">INV-033</subfield>
    <subfield code="c">FM</subfield>
    <subfield code="d">2014-01-24</subfield>
    <subfield code="f">1</subfield>
    <subfield code="k">CA</subfield>
    <subfield code="o">LE7 .M77 M37 2006</subfield>
    <subfield code="p">IIH000011627</subfield>
    <subfield code="r">2015-01-16 00:00:00</subfield>
    <subfield code="t">C:1</subfield>
    <subfield code="v">1.00</subfield>
    <subfield code="y">LIB</subfield>
    <subfield code="z">MICHOAC&#xC1;N</subfield>
  </datafield>
  <datafield tag="952" ind1=" " ind2=" ">
    <subfield code="1">0</subfield>
    <subfield code="2">lcc</subfield>
    <subfield code="4">0</subfield>
    <subfield code="7">0</subfield>
    <subfield code="a">INV-033</subfield>
    <subfield code="b">INV-033</subfield>
    <subfield code="c">FM</subfield>
    <subfield code="d">2014-01-24</subfield>
    <subfield code="f">1</subfield>
    <subfield code="k">CA</subfield>
    <subfield code="o">LE7 .M77 M37 2006</subfield>
    <subfield code="p">IIH000011628</subfield>
    <subfield code="r">2015-01-16 00:00:00</subfield>
    <subfield code="t">C:2</subfield>
    <subfield code="v">1.00</subfield>
    <subfield code="y">LIB</subfield>
    <subfield code="z">MICHOAC&#xC1;N</subfield>
  </datafield>
  <datafield tag="952" ind1=" " ind2=" ">
    <subfield code="1">0</subfield>
    <subfield code="2">lcc</subfield>
    <subfield code="4">0</subfield>
    <subfield code="7">0</subfield>
    <subfield code="a">INV-033</subfield>
    <subfield code="b">INV-033</subfield>
    <subfield code="c">FM</subfield>
    <subfield code="d">2014-01-24</subfield>
    <subfield code="f">1</subfield>
    <subfield code="k">CA</subfield>
    <subfield code="o">LE7 .M77 M37 2006</subfield>
    <subfield code="p">IIH000011629</subfield>
    <subfield code="r">2015-01-16 00:00:00</subfield>
    <subfield code="t">C:3</subfield>
    <subfield code="v">1.00</subfield>
    <subfield code="y">LIB</subfield>
    <subfield code="z">MICHOAC&#xC1;N</subfield>
  </datafield>
</record>
